| 000 | 01200pam a2200289 a 4500 | ||
|---|---|---|---|
| 001 | 3052261 | ||
| 005 | 19961205154446.1 | ||
| 008 | 960419s1997 mnua 001 0 eng | ||
| 010 | _a96019547 | ||
| 020 | _a0314095721 (alk. paper)(Student Edition) | ||
| 020 | _a0314205926 (Annotated Instructor’s Edition) | ||
| 040 |
_aDLC _cDLC _dDLC |
||
| 050 | 0 | 0 |
_aHG4026 _b.L412 1997 |
| 082 | 0 | 0 |
_a658.15 _220 _bLEE |
| 100 | 1 | _aLee, Cheng F. | |
| 245 | 1 | 0 |
_aFoundations of Financial Management / _cby Cheng F. Lee, Joseph E. Finnerty, Edgar A. Norton. |
| 260 |
_aMinneapolis/St. Paul, Minn. : _bWest Pub., _cc1997. |
||
| 300 |
_axxviii, 656, 60, 15 p. : _bcol. ill. ; _c26 cm. |
||
| 500 | _aIncludes index. | ||
| 650 | 0 |
_aCorporations _xFinance. |
|
| 650 | 0 |
_aBusiness enterprises _xFinance. |
|
| 700 | 1 | _aFinnerty, Joseph E. | |
| 700 | 1 |
_aNorton, Edgar, _d1957- |
|
| 942 |
_2ddc _cBB |
||
| 999 |
_c10730 _d10730 |
||